Thailand, Burma, Laos & Cambodia (Record no. 41721)
[ view plain ]
| 000 -LEADER | |
|---|---|
| fixed length control field | 00774cam a22002531 4500 |
| 001 - CONTROL NUMBER | |
| control field | 753466 |
| 005 - DATE AND TIME OF LATEST TRANSACTION | |
| control field | 20180430144257.0 |
| 008 - FIXED-LENGTH DATA ELEMENTS--GENERAL INFORMATION | |
| fixed length control field | 711028s1966 njub b 000 0 eng |
| 010 ## - LIBRARY OF CONGRESS CONTROL NUMBER | |
| LC control number | 66028105 |
| 040 ## - CATALOGING SOURCE | |
| Original cataloging agency | DLC |
| Transcribing agency | DLC |
| Modifying agency | DLC |
| 043 ## - GEOGRAPHIC AREA CODE | |
| Geographic area code | as----- |
| 100 1# - MAIN ENTRY--PERSONAL NAME | |
| Personal name | Cady, John F. |
| Fuller form of name | (John Frank), |
| Dates associated with a name | 1901-1996. |
| 245 10 - TITLE STATEMENT | |
| Title | Thailand, Burma, Laos & Cambodia |
| Statement of responsibility, etc | [by] John F. Cady. |
| 260 ## - PUBLICATION, DISTRIBUTION, ETC. (IMPRINT) | |
| Place of publication, distribution, etc | Englewood Cliffs, N.J., |
| Name of publisher, distributor, etc | Prentice-Hall |
| Date of publication, distribution, etc | c1966. |
| 300 ## - PHYSICAL DESCRIPTION | |
| Extent | viii, 152 p. |
| Other physical details | map. |
| Dimensions | 21 cm. |
| 336 ## - CONTENT TYPE | |
| Content Type Term | text |
| 337 ## - MEDIA TYPE | |
| Media Type Term | unmediated |
| 338 ## - CARRIER TYPE | |
| Carrier Type Term | volume |
| 490 0# - SERIES STATEMENT | |
| Series statement | The Modern nations in historical perspective |
| 490 0# - SERIES STATEMENT | |
| Series statement | A Spectrum book. |
| 504 ## - BIBLIOGRAPHY, ETC. NOTE | |
| Bibliography, etc | "Suggested readings": p. 143-146. |
| 651 #0 - SUBJECT ADDED ENTRY--GEOGRAPHIC NAME | |
| Geographic name | Southeast Asia |
| General subdivision | Civilization |
| -- | Indic influences. |
| 942 ## - ADDED ENTRY ELEMENTS (KOHA) | |
| Source of classification or shelving scheme | Library of Congress Classification |
| Item type | Books |
| Withdrawn status | Lost status | Source of classification or shelving scheme | Damaged status | Not for loan | Home library | Current library | Shelving location | Date acquired | Source of acquisition | Inventory number | Total Checkouts | Full call number | Barcode | Date last seen | Price effective from | Koha item type |
|---|---|---|---|---|---|---|---|---|---|---|---|---|---|---|---|---|
| Library of Congress Classification | BSOP Library | BSOP Library | GC | 04/30/2018 | 40756 | DS509.3 C11 1966 | 00051756 | 04/30/2018 | 04/30/2018 | Books |
